000 00631nam a2200181Ia 4500
008 151018s9999 xx 000 0 und d
082 _bRBASDV28289
_a891.462
100 _aसंजय सोनवणी
245 _aमीच मांडीन खेळ माझा
250 _b1
260 _bपुष्प प्रकाशन पुणे
_c1997
300 _a80
600 _aसंजय सोनवणी
630 _aमीच मांडीन खेळ माझा
700 _aसंजय सोनवणी
730 _aमीच मांडीन खेळ माझा
942 _cBOOK
999 _c1027869
_d1027866